Normal view
MARC view
- Rashida Qureshi ; Fauzia Shamim
Entry Personal Name
001 - CONTROL NUMBER
- control field: 9132
003 - CONTROL NUMBER IDENTIFIER
- control field: NUST
005 - DATE AND TIME OF LATEST TRANSACTION
- control field: 20180119192210.0
008 - FIXED-LENGTH DATA ELEMENTS
- fixed length control field: 180119|| aca||aabn | a|a d
040 ## - CATALOGING SOURCE
- Original cataloging agency: NUST
- Transcribing agency: NUST
100 ## - HEADING--PERSONAL NAME
- Personal name: Rashida Qureshi ; Fauzia Shamim
670 ## - SOURCE DATA FOUND
- Source citation: Work cat.: (NUST)317466: Rashida Qureshi ; Fauzia Shamim, Schools and Schooling Practices in Pakistan:lesson for policy and Practice, 2009
